| 000 | 00803nam a2200241Ia 4500 | ||
|---|---|---|---|
| 003 | OSt | ||
| 005 | 20220926002607.0 | ||
| 006 | a|||||r|||| 00| 0 | ||
| 007 | ta | ||
| 008 | 220923b |||||||| |||| 00| 0 eng d | ||
| 037 | _cGeneral Book | ||
| 040 |
_aRTL _cRTL _beng |
||
| 041 |
_2eng _aeng |
||
| 082 | _aX9(J711).2.N90<---N80, M0 | ||
| 110 | _aNational Council of Applied Economic Research, New Delhi | ||
| 245 | 0 | _aTen year perspective plan for rubber 1980-81 to 19 | |
| 260 |
_a New Delhi _bNational Council of Applied Economic Research India _c1980 |
||
| 300 |
_a28p. _ccm. |
||
| 650 |
_aRubber Industry _9233929 |
||
| 700 | _aNational Council of Applied Economic Research, New Delhi | ||
| 942 |
_hX9(J711).2.N90<---N80, M0 _cGB _2CC |
||
| 999 |
_c605496 _d605496 |
||